Southville International School and Colleges
Your cart is empty.
  • Cart
  • Lists
    Public lists Eva Luna New books Lux_list list_1
    Your lists Log in to create your own lists
  • Log in to your account
  • Your cookies
  • Search history
Southville International School and Colleges
  • Advanced search
  • Recent comments
  • Most popular
  • Libraries

Log in to your account

Log in with GOOGLE


If you do not have an external account, but do have a local account, you can still log in:

  1. Home
  2. MARC view: Autumn in Spring And Other Stories
Normal view MARC view ISBD view

Autumn in Spring And Other Stories (Record no. 35839)

[ view plain ]
MARC details
000 -LEADER
fixed length control field 00450nam a22001697a 4500
003 - CONTROL NUMBER IDENTIFIER
control field OSt
005 - DATE AND TIME OF LATEST TRANSACTION
control field 20140311134812.0
008 - FIXED-LENGTH DATA ELEMENTS--GENERAL INFORMATION
fixed length control field 130213t xxu||||| |||| 00| 0 eng d
020 ## - INTERNATIONAL STANDARD BOOK NUMBER
International Standard Book Number 0835113396
050 ## - LIBRARY OF CONGRESS CALL NUMBER
Classification number PL 2780
Item number .J61 1981
082 ## - DEWEY DECIMAL CLASSIFICATION NUMBER
Classification number M 808.83
Item number B11 1981
245 ## - TITLE STATEMENT
Title Autumn in Spring And Other Stories
Statement of responsibility, etc Jin, Ba
260 ## - PUBLICATION, DISTRIBUTION, ETC. (IMPRINT)
Place of publication, distribution, etc Beijing, China
Name of publisher, distributor, etc Chinese Literature
Date of publication, distribution, etc 1981
300 ## - PHYSICAL DESCRIPTION
Extent 207 p.
Dimensions 18 cm.
942 ## - ADDED ENTRY ELEMENTS (KOHA)
Source of classification or shelving scheme Library of Congress Classification
Koha item type Books
Call number prefix
Holdings
Withdrawn status Lost status Source of classification or shelving scheme Damaged status Home library Current library Shelving location Date acquired Source of acquisition Total Checkouts Full call number Barcode Date last seen Copy number Price effective from Koha item type
    Library of Congress Classification   Archives Archives   02/13/2013 Donation   PL 2780 .J61 1981 C1675 10/30/2014 1 02/13/2013 Books

Autumn in Spring And Other Stories

APA

(1981). Autumn in Spring And Other Stories. Beijing, China: Chinese Literature.

Chicago

1981. Autumn in Spring And Other Stories. Beijing, China: Chinese Literature.

Harvard

(1981). Autumn in Spring And Other Stories. Beijing, China: Chinese Literature.

MLA

Autumn in Spring And Other Stories. Beijing, China: Chinese Literature. 1981.

  • Place hold
  • Print
  • Cite
  • Add to your cart (remove)
  • Save record
    BIBTEX Dublin Core MARCXML MARC (non-Unicode/MARC-8) MARC (Unicode/UTF-8) MARC (Unicode/UTF-8, Standard) MODS (XML) RIS
  • More searches
    Search for this title in:
    Other Libraries (WorldCat) Other Databases (Google Scholar) Online Stores (Bookfinder.com) Open Library (openlibrary.org)

Exporting to Dublin Core...

SOUTHVILLE LIBRARY

Southville International School and Colleges Library

1281 Tropical Ave. Cor. Luxembourg St., BF Homes International, Las Pinas City

Tel. No. 8256374 / 252358 Loc. 117/146

Powered by Koha